Szczegóły MARC21

Autoterapia oddechowa : teoria i praktyka fizycznej i emocjonalnej wytrzymałości /

003 -Nazwa inst., której nr kontr. jest w polu 001 [,]
    • @
    • Nazwa instytucji, której n kontrolny jest w polu 001
    • NUKAT
005 -DATA I CZAS OSTATNIEJ MODYFIKACJI [,]
    • @
    • pole kontrolne
    • 20250512111902.0
020 -Międzynarod. znormalizowany nr książki - ISBN [ , ]
    • a
    • Numer ISBN
    • 9788375799385 Find
    • q
    • Dopowiedzenie
    • (oprawa miękka)
040 -Instytucja sporządzająca opis [ , ]
    • a
    • Instytucja, która sporządziła opis (NP)
    • KAT U/MP
    • b
    • Język katalogowania
    • pol
    • e
    • Zasady katalogowania
    • rda
    • c
    • Instytucja, która sporządziła rekord (NP)
    • KAT U/MPs
    • d
    • Instytucja, która zmodyfikowała rekord (P)
    • KAT U/AM
    • d
    • Instytucja, która zmodyfikowała rekord (P)
    • LUBL 58/ESOs
041 -Język dokumentu [1, ]
    • a
    • Język tekstu (P)
    • polski
    • h
    • Język tekstu oryginalnego i/lub pośredniego (P)
    • angielski
942 -Rodzaj dokumentu [ , ]
    • c
    • Rodzaj dokumentu
    • Książka
100 -Hasło główne - nazwa osobowa [1, ]
    • a
    • Nazwa osobowa (NP)
    • Miller, Jill.
    • e
    • Rodzaj współpracy
    • Autor
    • 9
    • KHW
    • 441337
245 -Strefa tytułu i oznaczenia odpowiedzialności [1,0]
    • a
    • Tytuł
    • Autoterapia oddechowa : Find
    • b
    • Ciąg dalszy tytułu (NP)
    • teoria i praktyka fizycznej i emocjonalnej wytrzymałości / Find
    • c
    • Pozostałe elementy strefy tytułu i oznaczenia odpowiedzialności (NP)
    • Jill Miller ; przekład Patrycja Przełucka.
246 -Wariant tytułu [1, ]
    • i
    • Tekst wyświetlany na ekranie monitora (NP)
    • Tytuł oryginału:
    • a
    • Tytuł (NP)
    • Body by breath :
    • b
    • Ciąg dalszy tytułu (NP)
    • the science and practice of physical and emotional resilience
260 -Strefa adresu wydawniczego [ , ]
    • a
    • Miejsce wydania (P)
    • Łódź :
    • b
    • Nazwa wydawcy (P)
    • Galaktyka sp. z o.o.,
    • c
    • Data wydania (P)
    • 2025.
300 -Strefa opisu fizycznego [ , ]
    • a
    • Określenie formy książki i/lub objętość (NP)
    • 479, [1] strona :
    • b
    • Oznaczenie ilustracji (NP)
    • ilustracje ;
    • c
    • Format (NP)
    • 28 cm.
336 -Typ zawartości [ , ]
    • a
    • Termin opisujący typ zawartości
    • Tekst
    • b
    • Kod określający zawartość
    • txt
    • 2
    • Źródło (terminu i kodu)
    • rdacontent
337 -Typ mediów [ , ]
    • a
    • Tryb odtwarzania
    • Bez urządzenia pośredniczącego
    • b
    • Kod typu mediów
    • n
    • 2
    • Źródło (terminu i kodu)
    • rdamedia
338 -Typ/rodzaj nośnika [ , ]
    • a
    • Hasło opisujące typ nośnika
    • Wolumin
    • b
    • Kod typu nośnika
    • nc
    • 2
    • Źródło (terminu i kodu)
    • rdacarrier
380 -Deskryptor - Forma dzieła (P) [ , ]
    • a
    • forma dzieła (NP)
    • Książki
380 -Deskryptor - Forma dzieła (P) [ , ]
    • a
    • forma dzieła (NP)
    • Poradniki i przewodniki
380 -Deskryptor - Forma dzieła (P) [ , ]
    • a
    • forma dzieła (NP)
    • Publikacje fachowe
388 -Deskryptor - czas powstania dzieła (P) [1, ]
    • a
    • Czas powstania dzieła (NP)
    • 2001-
500 -Uwaga ogólna [ , ]
    • a
    • Uwaga ogólna (NP)
    • Druk dwuszpaltowy.
504 -Uwaga dot. bibliogr. załącznikowej [ , ]
    • a
    • Uwaga dot. bibliografii załącznikowej
    • Indeks.
650 -Hasło przedmiotowe [ ,7]
    • a
    • Hasło przedmiotowe
    • Ćwiczenia oddechowe
    • 2
    • Źródło terminu
    • DBN
    • 9
    • KHW
    • 724216
650 -Hasło przedmiotowe [ ,7]
    • a
    • Hasło przedmiotowe
    • Fizjoterapia
    • 2
    • Źródło terminu
    • DBN
    • 9
    • KHW
    • 724215
650 -Hasło przedmiotowe [ ,7]
    • a
    • Hasło przedmiotowe
    • Ćwiczenia oddechowe.
    • 2
    • Źródło terminu
    • kaba
    • 9
    • KHW
    • 146979
650 -Hasło przedmiotowe [ ,7]
    • a
    • Hasło przedmiotowe
    • Odporność (psychologia).
    • 2
    • Źródło terminu
    • kaba
    • 9
    • KHW
    • 122019
650 -Hasło przedmiotowe [ ,7]
    • a
    • Hasło przedmiotowe
    • Hatha Joga
    • x
    • Określnik rzeczowy
    • zastosowanie w leczeniu.
    • 2
    • Źródło terminu
    • kaba
    • 9
    • KHW
    • 477804
655 -Hasło w funkcji tematu formalnego [ ,7]
    • a
    • Hasło
    • Poradnik
    • 2
    • Źródło terminu
    • DBN
    • 9
    • KHW
    • 721725
658 -Ujęcie treści [ , ]
    • a
    • dziedzina nauki i sztuki/ sfera aktywności życiowej
    • Medycyna i zdrowie
700 -Hasło dodatkowe - nazwa osobowa [1, ]
    • a
    • Nazwa osobowa (NP)
    • Przełucka, Patrycja. Find
    • e
    • Określenie rodzaju współpracy
    • Tłumaczenie
    • 9
    • KHW
    • 603037
710 -Hasło dodatkowe - nazwa ciała zbiorowego [2, ]
    • a
    • Nazwa ciała zbiorowego lub nazwa geograficzna jako pierwszy element (NP)
    • Galaktyka.
    • e
    • Rodzaj współpracy
    • Wydawca
    • 4
    • Kod relacji
    • pbl
    • 9
    • KHW
    • 78322
920 -ISBN [ , ]
    • a
    • ISBN
    • 978-83-7579-938-5 (oprawa miękka) Find
Numer inwentarzowy Data inwentaryzacji Status udost. Lokalizacja Sygnatura
WF.111862025-05-121BMRelaksacja 37